000 00657cam a2200205 a 4500
001 000010085
005 20200929161833.0
008 910202s1989 cu 000 0 spa
040 _aDO-SdBNP
_bspa
_cBNPHU
082 _aCu862.44
_bF965c
100 1 _aFulleda León, Gerardo,
_d1942-
_925064
245 1 0 _aChago de Guisa /
_cGerardo Fulleda León ; edición Clara Hernández.
260 _aLa Habana, Cuba :
_bCasa de las Américas,
_c1989.
300 _a145 p. ;
_c19 cm.
586 _aPremio Casa de las Américas, 1989
650 4 _aTeatro cubano
_924517
650 4 _aLiteratura cubana
_91483
700 1 _aHernández, Clara
_eed.
_94129
049 _aBNGR
999 _c9844
_d9844